|
|
|
|
| LEADER |
01035nab#a2200409#ar4500 |
| 001 |
000039521 |
| 003 |
SVKKK |
| 005 |
00000000000000.0 |
| 008 |
c xo e sloo |
| FMT |
|
|
|
| 038 |
|
|
|a SVKKK
|
| 040 |
|
|
|a SVKKK
|b slo
|e AACR2
|
| 041 |
0 |
|
|a slo
|
| 044 |
|
|
|a xo
|c SK
|
| 080 |
|
|
|a 82.0
|2 1981
|
| 080 |
|
|
|a 885.4-
|2 1981
|
| 100 |
1 |
|
|a Hochel, Igor
|4 aut
|
| 245 |
1 |
0 |
|a Hľadanie výrazu
|c Hochel Igor,
|
| 600 |
1 |
4 |
|a Hudák, Pavol,
|d ?,
|x básnik sl.
|x Vyšný Žipov(VV)
|x rodák
|x Poprad
|x pôsobenie
|
| 650 |
0 |
4 |
|a literatúra slovenská
|
| 650 |
0 |
4 |
|a recenzie
|
| 773 |
0 |
|
|t Romboid
|g Roč. 30, č. 9(1995), s. 74-75
|
| 787 |
0 |
8 |
|i Recenze na:
|a Hudák, Pavol
|t Silvester 1999
|d <Spišská Nová Ves> : Littera press, 1994
|
| 957 |
|
|
|a Poprad
|
| 957 |
|
|
|a Spišská Nová Ves
|
| 957 |
|
|
|a Vyšný Žipov
|
| 958 |
|
|
|a LV
|
| 958 |
|
|
|a NP
|
| 958 |
|
|
|a PP
|
| 958 |
|
|
|a RE
|
| 958 |
|
|
|a SN
|
| 958 |
|
|
|a VV
|
| 974 |
|
|
|d 961002
|a SAB
|
| 992 |
|
|
|a RBX
|
| BAS |
|
|
|
| 852 |
|
|
|a SVKKK
|b BIB
|
| 998 |
|
|
|a REG
|